Ortografía de la Lengua Castellana / (Record no. 56517)

MARC details
000 -LEADER
campo de control de longitud fija 01095nam a2200277 i 4500
001 - NÚMERO DE CONTROL
campo de control C00059679c
005 - FECHA Y HORA DE LA ÚLTIMA TRANSACCIÓN
campo de control 20241029150617.0
008 - DATOS DE LONGITUD FIJA--INFORMACIÓN GENERAL
campo de control de longitud fija 090623s1763 sp 1 spa d
110 2# - ENTRADA PRINCIPAL--NOMBRE DE ENTIDAD CORPORATIVA
Nombre de entidad corporativa o nombre de jurisdicción como elemento de entrada Real Academia Española.
9 (RLIN) 3394
245 10 - MENCIÓN DEL TÍTULO
Título Ortografía de la Lengua Castellana /
Mención de responsabilidad, etc. compuesta poa la Real Academia Española.
250 ## - MENCION DE EDICION
Mención de edición Tercera impresion, corregida y aumentada.
260 ## - PUBLICACIÓN, DISTRIBUCIÓN, ETC.
Lugar de publicación, distribución, etc. En Madrid :
Nombre del editor, distribuidor, etc. en la Imprenta de Antonio Perez de Soto,
Fecha de publicación, distribución, etc. 1763.
300 ## - DESCRIPCIÓN FÍSICA
Extensión [12], XX, 254, [2], [11] h. de lám. ;
Dimensiones 8º (18 cm)
500 ## - NOTA GENERAL
Nota general CCPB000058185-2, REBIUN6550103.
500 ## - NOTA GENERAL
Nota general Sign.: ¶-2¶8, A-Q8, [ ]11.
500 ## - NOTA GENERAL
Nota general Port. con grab. calc.: "[ilegible] in. del., Prieto ex."
500 ## - NOTA GENERAL
Nota general Las 11 h. de lám. grab. calc.: "P. Ming. f.", al final del texto, representan modelos de letras.
650 ## - PUNTO DE ACCESO ADICIONAL DE MATERIA--TÉRMINO DE MATERIA
Término de materia o nombre geográfico como elemento de entrada Español (Lengua)-
Subdivisión general Ortografía.
9 (RLIN) 89152
700 1# - ENTRADA AGREGADA--NOMBRE PERSONAL
Nombre de persona Pérez de Soto, Antonio.
9 (RLIN) 38853
700 1# - ENTRADA AGREGADA--NOMBRE PERSONAL
Nombre de persona Prieto, Félix.
9 (RLIN) 40805
700 1# - ENTRADA AGREGADA--NOMBRE PERSONAL
Nombre de persona Minguet e Irol, Pablo (
Fechas asociadas al nombre 1733-1778)
9 (RLIN) 40806
752 ## - ENTRADA AGREGADA--NOMBRE JERÁRQUICO DEL LUGAR
País o entidad superior España -
Ciudad Madrid
852 4# - LOCALIZACIÓN
Número de control de estantería B-2803
Holdings
Estatus retirado Estado de pérdida Estado de daño No para préstamo Colección Biblioteca de origen Biblioteca actual Ubicación en estantería Fecha de adquisición Fuente de adquisición Total de préstamos Signatura topográfica completa Código de barras Visto por última vez Precio de reemplazo Tipo de ítem Koha
        Obra de Referencia Real Academia de la Bellas Artes de San Fernando Real Academia de la Bellas Artes de San Fernando Depósito 1 23/06/2009 O   B-2803 1063195 15/10/2024 15/10/2024 Fondo antiguo

Powered by Koha